Zwierzęta według zdjęcia szkieletu - Statystyki

Ogólne statystyki
  • Ten quiz został rozwiązany 4 293 razy
  • Średni wynik to 11 z 16
Statystyki odpowiedzi
Obrazkowy Odpowiedź % Poprawnych
Słoń
96%
Struś
93%
Grzechotnik
91%
Żyrafa
91%
Nietoperz blady
89%
Sajmiri
89%
Bydło
82%
Hipopotam
75%
Wielbłąd jednogarbny
69%
Delfin
57%
Bóbr
56%
Pingwin magellański
48%
Uszanka kalifornijska
47%
Manta
43%
Gepard
28%
Kazuar
21%
Nie znaleziono quizów pasujących do podanych kryteriów
Rozkład punktacji
Procent ludzi z każdym wynikiem
Percentyl według liczby udzielonych odpowiedzi
Twoja historia wyników
Nie rozwiązałeś tego quizu